Don't forget me, cobber : the Battle of Fromelles /

Bibliographic Details
Main Author: Corfield, Robin
Format: Book
Language:English
Published: Carlton, Victoria, Australia : Melbourne University Publishing, 2009.
Edition:Rev. ed.
Series:Miegunyah Press series. no. 116.
Subjects:

MARC

Tag First Indicator Second Indicator Subfields
LEADER 00000cam a2200000 a 4500
001 in00002508421
005 20151201114117.0
008 081103s2009 vraa b 001 0deng d
020 |a 9780522855296 
020 |a 0522855296 
035 |a (OCoLC)ocn434857058 
040 |a YUS  |c YUS  |d BWX  |d YDX  |d TXA  |d UtOrBLW 
043 |a u-at---  |a e-fr--- 
049 |a TXAM 
082 0 |a 943 
090 |a D545.F76  |b C67 2009 
100 1 |a Corfield, Robin. 
245 1 0 |a Don't forget me, cobber :  |b the Battle of Fromelles /  |c Robin S. Corfield. 
250 |a Rev. ed. 
264 1 |a Carlton, Victoria, Australia :  |b Melbourne University Publishing,  |c 2009. 
300 |a 505 pages :  |b illustrations ;  |c 25 cm. 
336 |a text  |b txt  |2 rdacontent 
337 |a unmediated  |b n  |2 rdamedia 
338 |a volume  |b nc  |2 rdacarrier 
490 1 |a Miegunyah volumes, 2nd numbered series ;  |v no. 116 
500 |a "... a reissued and updated edition ... published by Corfield and Company in July, 2000."--Title page verso. 
504 |a Includes bibliographical references and index. 
600 1 0 |a McCay, James Whiteside,  |c Sir,  |d 1864-1930. 
600 1 0 |a Hitler, Adolf,  |d 1889-1945. 
650 0 |a Fromelles, Battle of, Fromelles, France, 1916. 
650 0 |a World War, 1914-1918  |x Campaigns  |z France  |z Fromelles. 
650 0 |a World War, 1914-1918  |x Participation, Australian. 
650 0 |a World War, 1914-1918  |z France  |z Fleurbaix. 
650 0 |a World War, 1914-1918  |x Prisoners and prisons, Australian. 
830 0 |a Miegunyah Press series.  |n 2nd ser. ;  |v no. 116. 
945 |a PromptCat 
948 |a cataloged  |b h  |c 2010/3/15  |d c  |e dmitchel  |f 3:20:10 pm 
994 |a C0  |b TXA 
999 |a MARS 
999 f f |s d0a5cece-a605-3a13-897c-6a267b3d6a1b  |i 1433737e-d37a-3543-b672-9d79cc5b029d  |t 0 
952 f f |p ric  |a Texas A&M University  |b Rellis Campus  |c Joint Library Facility  |d Remote Storage  |t 0  |e D545.F76 C67 2009  |h Library of Congress classification  |i unmediated -- volume  |m A14840079193 
998 f f |a D545.F76 C67 2009  |t 0  |l Remote Storage